Flags with 33.3 percent black colours - Statistics

General Stats
  • This quiz has been taken 50 times
  • The average score is 7 of 7
Answer Stats
Picture Answer % Correct
Belgium
100%
Germany
100%
Egypt
98%
Syria
95%
Estonia
93%
Iraq
93%
Yemen
93%
No matching quizzes found
Score Distribution
Percent of People with Each Score
Percentile by Number Answered
Your Score History
You have not taken this quiz